|
|
|
|
| LEADER |
04566nam a2200505 4500 |
| 001 |
978-3-319-75223-5 |
| 003 |
DE-He213 |
| 005 |
20191026072233.0 |
| 007 |
cr nn 008mamaa |
| 008 |
180426s2018 gw | s |||| 0|eng d |
| 020 |
|
|
|a 9783319752235
|9 978-3-319-75223-5
|
| 024 |
7 |
|
|a 10.1007/978-3-319-75223-5
|2 doi
|
| 040 |
|
|
|d GrThAP
|
| 050 |
|
4 |
|a R726.7
|
| 072 |
|
7 |
|a MBNH9
|2 bicssc
|
| 072 |
|
7 |
|a PSY003000
|2 bisacsh
|
| 072 |
|
7 |
|a MBNH9
|2 thema
|
| 082 |
0 |
4 |
|a 616.89
|2 23
|
| 245 |
1 |
0 |
|a Quality of Life Among Cancer Survivors
|h [electronic resource] :
|b Challenges and Strategies for Oncology Professionals and Researchers /
|c edited by Tanya R. Fitzpatrick.
|
| 250 |
|
|
|a 1st ed. 2018.
|
| 264 |
|
1 |
|a Cham :
|b Springer International Publishing :
|b Imprint: Springer,
|c 2018.
|
| 300 |
|
|
|a XVI, 207 p. 7 illus., 1 illus. in color.
|b online resource.
|
| 336 |
|
|
|a text
|b txt
|2 rdacontent
|
| 337 |
|
|
|a computer
|b c
|2 rdamedia
|
| 338 |
|
|
|a online resource
|b cr
|2 rdacarrier
|
| 347 |
|
|
|a text file
|b PDF
|2 rda
|
| 505 |
0 |
|
|a Introduction and theoretical perspectives -- Recreation, leisure activities, and cognitive health among older cancer survivors -- Cancer patients in a pediatric intensive care unit: a single center experience -- Ethical dilemmas in cancer care.-Genetic mutations in cancer susceptibility genes: a personal and family history of cancer -- Influence of acculturation and health-related quality of life among Chinese elderly cancer survivors -- Impact of childhood cancer on healthy siblings' quality of life -- Effect of physical activity on post-traumatic stress disorder among parents of pediatric cancer survivors -- Caring for the other parent in the room: practice guidelines for acknowledging and addressing the needs of fathers of children with cancer -- Family functioning and therapeutic interventions among mothers with breast cancer -- When cancer returns: family caregivers and the hospice team -- Experiencing cancer services: a therapist's personal story of survival and dissatisfaction.
|
| 520 |
|
|
|a This multidisciplinary reference explores the concepts and realities of quality of life among cancer survivors in its physical, psychological, cognitive, social, and familial dimensions. Informed by a broad range of fields including genetics, psychiatry, nursing, dentistry, rehabilitation, and ethics, it addresses daily challenges of living for this population, from self-care to cultural concerns and from social interactions to experiences with providers. Family issues of pediatric, young adult, and elder survivors, caregiving parents, and siblings are a major area of concern. And contributors describe interventions for survivors as individuals, in family content, and as part of integrated care across primary and specialty settings. Included among the topics: Play, leisure activities, and cognitive health among older cancer survivors. Genetic mutations in cancer susceptibility genes: a family history of cancer. Cancer patients in a pediatric intensive care unit: a single center experience. The impact of childhood cancer on the quality of life among healthy siblings. When cancer returns: family caregivers and the hospice team. Experiencing cancer services: a story of survival and dissatisfaction. A significant addition to the cancer survivorship literature, Quality of Life Among Cancer Survivors is a practice-building resource for oncology and allied health professionals, health psychologists, and social workers, as well as researchers in these fields.
|
| 650 |
|
0 |
|a Health psychology.
|
| 650 |
|
0 |
|a Social work.
|
| 650 |
|
0 |
|a Health promotion.
|
| 650 |
|
0 |
|a Quality of life.
|
| 650 |
1 |
4 |
|a Health Psychology.
|0 http://scigraph.springernature.com/things/product-market-codes/Y12020
|
| 650 |
2 |
4 |
|a Social Work.
|0 http://scigraph.springernature.com/things/product-market-codes/X21000
|
| 650 |
2 |
4 |
|a Health Promotion and Disease Prevention.
|0 http://scigraph.springernature.com/things/product-market-codes/H27010
|
| 650 |
2 |
4 |
|a Quality of Life Research.
|0 http://scigraph.springernature.com/things/product-market-codes/X23000
|
| 700 |
1 |
|
|a Fitzpatrick, Tanya R.
|e editor.
|4 edt
|4 http://id.loc.gov/vocabulary/relators/edt
|
| 710 |
2 |
|
|a SpringerLink (Online service)
|
| 773 |
0 |
|
|t Springer eBooks
|
| 776 |
0 |
8 |
|i Printed edition:
|z 9783319752228
|
| 776 |
0 |
8 |
|i Printed edition:
|z 9783319752242
|
| 776 |
0 |
8 |
|i Printed edition:
|z 9783030091743
|
| 856 |
4 |
0 |
|u https://doi.org/10.1007/978-3-319-75223-5
|z Full Text via HEAL-Link
|
| 912 |
|
|
|a ZDB-2-BSP
|
| 950 |
|
|
|a Behavioral Science and Psychology (Springer-41168)
|